000 00635nam a22001817a 4500
999 _c183595
_d183595
005 20211229124543.0
010 _aENG-130746
020 _a978-93-878-94-990
_c299.00
035 _aEN-114278
037 _bDBAD
082 _a355.0092
100 _aArora, Bhaavna
245 _aUndaunted:
_cLt. Ummer Fayaz of Kashmir/
_bLt. Ummer Fayaz of Kashmir
260 _aChennai
_bWestland Publications Private Limited
_c2003
270 _a1st Floor, A Block, East Wing, Plot No. 40, SP Info City, Dr. MGR Salai, Perungudi, Kandanchavadi
_bChennai
_e600096
300 _a232p
_c20cm(pbk)
942 _2ddc
_cEN
_h355.00092
_mARO